000
00189 a2200097 4500
020
_a
042799348550
041
_a
eng
100
_a
Anonimo
245
_a
Did you ever see A Duckie
942
_c
BK
999
_c
10022
_d
10022